Modern Japan <a> social and political history
Uložené v:
| Hlavný autor: | |
|---|---|
| Médium: | Kniha |
| Jazyk: | English |
| Vydavateľské údaje: |
London
Routledge
2002
|
| Predmet: | |
| Tagy: |
Žiadne tagy, Buďte prvý, kto otaguje tento záznam!
|
MARC
| LEADER | 00000nam$a2200000$$$4500 | ||
|---|---|---|---|
| 001 | 0033814 | ||
| 005 | 20221129101112.4 | ||
| 020 | |a 0-415-18538-6 | ||
| 041 | 0 | |a eng | |
| 044 | |a GB | ||
| 245 | 1 | 0 | |a Modern Japan |b <a> social and political history |c Elise K. Tipton |
| 264 | 1 | |a London |b Routledge |c 2002 | |
| 300 | |a xiii, 258 s. | ||
| 610 | 2 | 0 | |a Japonsko |
| 610 | 2 | 0 | |a vývoj sociálny |
| 610 | 2 | 0 | |a vývoj politický |
| 610 | 2 | 0 | |a história |
| 100 | 1 | |a Tipton, Elise K. | |